2013 MLB Postseason - Statistics

General Stats
  • This quiz has been taken 436 times
  • The average score is 9 of 10
Answers on the Map
Answers color-coded by a green-red scale on the quiz's map according to % correct below.
 
Answer Stats
Team % Correct
Cincinnati Reds
99%
Boston Red Sox
98%
St. Louis Cardinals
94%
Los Angeles Dodgers
93%
Oakland Athletics
90%
Detroit Tigers
87%
Tampa Bay Rays
86%
Atlanta Braves
82%
Pittsburgh Pirates
78%
Cleveland Indians
73%
No matching quizzes found
Score Distribution
Percent of People with Each Score
Percentile by Number Answered
Your Score History
You have not taken this quiz